| 000 | 00927nam a2200217 a 4500 | ||
|---|---|---|---|
| 001 | 000016199 | ||
| 005 | 20210625144102.0 | ||
| 008 | 100301s20uu dr a 001 0 spa d | ||
| 020 | _a9768160411 | ||
| 040 |
_aDO-SdBNP _bspa _cBNPHU |
||
| 111 | 2 |
_aEncuentro Latinoamericano Reforma del Estado y Descentralización _d(28-29 nov. 1997 _cSanto Domingo) _936242 |
|
| 245 | 1 | 0 |
_aHacia la descentralización del Estado en la República Dominicana. / _ccuidado de la edición Darío Tejada. |
| 246 | 1 | 4 | _aMemorias del Encuentro Latinoamericano, Santo Domingo 1997 |
| 260 |
_aSanto Domingo : _bComisión Ejecutiva para la Reforma del Sector Salud., _c[200?] _fImpresel |
||
| 300 |
_a198 p. : _bil. ; _c22 cm. |
||
| 490 | 1 | _aReforma y democracia | |
| 700 | 1 |
_aTejada, Darío _eed. _918722 |
|
| 710 | 2 |
_aComisión Presidencial para la Reforma y Modernización del Estado _936243 |
|
| 830 | 0 |
_aReforma y democracia _936244 |
|
| 049 | _aBNPD | ||
| 999 |
_c15738 _d15738 |
||